| 000 | 01627nam a2200217 4500 | ||
|---|---|---|---|
| 003 | KOHA_MİRAKIL | ||
| 005 | 20260415070501.0 | ||
| 008 | 260415b tu ||||| |||| 00| 0 tur d | ||
| 040 |
_aTR-AnABB _btur _cTR-AnABB |
||
| 041 | _atur | ||
| 082 |
_a338.9561 _bGAP 1987 |
||
| 100 | 1 | _aAlkin, Erdoğan | |
| 245 | 1 | 0 |
_aGAP Güney Anadolu Projesi bilim ekibi teknik yazılar / _cErdoğan Alkin, Tamer Arpacı, İbrahim Atalay, Davut Aydın, Canan Balkır, Erkan Benli, Ali Balaban, Nejat Erk, Hüsnü Erkan, Ömer Gücelioğlu, Can Hamamcı, Kenan Mortan, Tamer Müftüoğlu, Aydın Uğur, Sunday Üner |
| 260 |
_aAnkara : _bBİAR, _c1987 |
||
| 300 |
_a149 sayfa : _btablo ; _c24 cm |
||
| 505 | _aİçindekiler: Entegre bölge planlaması (Eskişehir denemesi) teorik analiz - GAP Üretim potansiyelinin değerlendirmesinde pazarlamanın rolü - GAP alanının doğal görünümü - GAP'a fon akım yaklaşımı - Uluslararası ekonomik bütünleşmelerin ticaret etkilerini ölçme yöntemleri - GAP Sulaması için yönetim modeli - GAP'ın gerçekleşme sonrası değerlendirmesinin taşıdığı güçlükler - GAP'a entegre planlama yaklaşımı - GAP için bölgesel Input-output model denemesi - Bölgesel gelişme ve yönetsel sorunlar - Doğu ve Güney Doğu Anadolu bölgesinde sosyo-ekonomik davranışlar - Klasik ekonomide kuruluş yeni teorileri - Planlama ve gelişen teknolojiler karşısında iletişim sektörü - İç göçler kentleşme ve politikalar | ||
| 650 | 0 | 4 | _aEkonomik politika, Türkiye |
| 650 | 0 | 4 | _aEkonomik politika |
| 650 | 0 | 4 | _aBölgesel kalkınma |
| 942 |
_2ddc _cBK |
||
| 999 |
_c10240 _d10240 |
||
| 900 | _bCan ÇELIK | ||